Capitales d'Asie - Mort subite. - Statistiques

Statistiques générales
  • Ce quiz a été pris 281 fois
    199 depuis la dernière actualisation
  • Le résultat moyen est 12 sur 22
Answers on the Grid
Answers color-coded by a green-red scale on the quiz's grid according to % correct below.
Dacca
Bakou
Seoul
Abou Dabi
Bagdad
Bichkek
Busan
Calcutta
Dammas
Doha
Dubai
Honk-Kong
Islamabad
Jakarta
Kaboul
Katmandou
Kuala-Lumpur
Kyoto
La mecque
Mascate
Mingora
Mumbai
New-delhi
Oulan-Bator
Pattaya
Pyongyang
Sanaa
Shangai
Le Caire
Singapour
Taipei
Teheran
Vientiane
 
Statistiques - réponses
Réponse % Correct
Seoul
86%
Bagdad
75%
Bakou
69%
Abou Dabi
68%
Dacca
68%
Kuala-Lumpur
63%
Jakarta
59%
Doha
57%
Dammas
54%
Kaboul
54%
Pyongyang
52%
Singapour
52%
New-delhi
51%
Islamabad
50%
Oulan-Bator
49%
Bichkek
48%
Taipei
46%
Katmandou
45%
Teheran
44%
Sanaa
38%
Mascate
35%
Vientiane
26%
Aucun quiz correspondant
Distribution des résultats
% des personnes avec chaque résultat
Percentile par nombre de réponses
Votre historique - résultats
Vous n’avez pas pris ce quiz depuis la dernière actualisation